banner koha

Pastejo precoce de bezerros leiteiros com ou sem suplementacao volumosa [Minas Gerais; Brasil] (Registro n. 31350)

MARC details
000 -LÍDER
campo de controle de tamanho fixo 01072nam a22003257a 4500
001 - NÚMERO DE CONTROLE
campo de controle BR8101712
003 - IDENTIFICADOR DO NÚMERO DE CONTROLE
campo de controle BR-BrBNA
005 - DATA E HORÁRIO DA ÚLTIMA TRANSAÇÃO
campo de controle 20230928090933.0
007 - CAMPO FIXO DE DESCRIÇÃO FÍSICA--INFORMAÇÃO GERAL
campo de controle de tamanho fixo ta
008 - CAMPO DE DADOS FIXOS--INFORMAÇÃO GERAL
campo de controle de tamanho fixo 230509b bl.||||| |||| 00| 0 por d
040 ## - FONTE DA CATALOGAÇÃO
Instituição da catalogação original BR-BrBNA
Idioma da catalogação por
Instituição que transcreveu o registro Biblioteca Nacional de Agricultura
041 ## - CÓDIGO DE IDIOMA
Código do idioma do texto/trilha sonora ou título diferente (Por)
072 ## - CÓDIGO DE CATEGORIA DE ASSUNTO
Código de Categoria de Assunto L30
Código do objeto 5214
-- /G514
090 ## - NÚMERO DE CHAMADA LOCAL
-- 5214 BR8101712
100 1# - ENTRADA PRINCIPAL--NOME PESSOAL
Nome pessoal Cade, K.
110 1# - ENTRADA PRINCIPAL--NOME CORPORATIVO
Nome corporativo ou nome da jurisdição Universidade Federal de Minas Gerais, Belo Horizonte (Brasil). Escola de Veterinaria
Grau Universitário Tese (Mestre em Zootecnia)
245 1# - TÍTULO
Título Pastejo precoce de bezerros leiteiros com ou sem suplementacao volumosa [Minas Gerais; Brasil]
246 1# - FORMA VARIANTE DO TÍTULO
Título/título abreviado [Early grazing of dairy cattle with or without roughage [Minas Gerais; Brazil]]
260 3# - PUBLICAÇÃO, DISTRIBUIÇÃO, ETC.
Local de publicação, distribuição, etc. Belo Horizonte, MG (Brasil):
Data da publicação, distribuição, etc. 1981.
300 ## - DESCRIÇÃO FÍSICA
Extensão 60 p.
500 ## - NOTA GERAL
Nota geral 38 ref.; 14 tables; Summary (Por)
650 ## - ASSUNTO--TERMO TÓPICO
Cabeçalho tópico ou nome geográfico Nutricao animal
650 ## - ASSUNTO--TERMO TÓPICO
Cabeçalho tópico ou nome geográfico Gado leiteiro
650 ## - ASSUNTO--TERMO TÓPICO
Cabeçalho tópico ou nome geográfico Bezerro leiteiro
650 ## - ASSUNTO--TERMO TÓPICO
Cabeçalho tópico ou nome geográfico Pastejo
650 ## - ASSUNTO--TERMO TÓPICO
Cabeçalho tópico ou nome geográfico Ganho de peso
650 ## - ASSUNTO--TERMO TÓPICO
Cabeçalho tópico ou nome geográfico Minas Gerais
909 ## -
-- 202309
-- Lucia
-- 55
-- Lucia Elande
942 ## - ELEMENTOS DE ENTRADA ADICIONADOS (KOHA)
Tipo de material Koha Livros
Exemplares
Situação do descarte Fonte da classificação ou esquema de arquivamento na estante Situação física Não pode ser emprestado Coleção Biblioteca de origem Biblioteca atual Total de empréstimos Número de telefone completo Código de barras Data de último acesso Número do exemplar Tipo de material Koha Situação das perdas Data de aquisição Fonte de aquisição
  Classificação AGRIS       Biblioteca Nacional de Agricultura - Binagri Biblioteca Nacional de Agricultura - Binagri   5214 BR8101712 5214 BR8101712 25/09/2023 01 Livros   2023-09-25 Portaria Interministerial nº 164/94

BINAGRI

Telefone: (61)3218-2567/2388/3357/2097 - binagri@agro.gov.br

Ministério da Agricultura e Pecuária , Esplanada dos Ministérios, Bloco D, Anexo B, Brasília/DF, CEP: 70.043-900